Statistics for African Footballer of the Year

Click here to take the quiz!

General Stats

  • This quiz has been taken 40 times
  • The average score is 19 of 28

Answer Stats

Année Joueur Pays Club % Correct
2019Sadio ManéSenegalLiverpool FC
100%
2018Mohamed SalahEgyptLiverpool FC
100%
2009Didier DrogbaIvory CoastChelsea FC
97%
2016Riyad MahrezAlgeriaLeicester City
95%
2014Yaya TouréIvory CoastManchester City
95%
2010Samuel Eto'oCameroonInter Milan
95%
2015Pierre-Emerick AubameyangGabonBorussia Dortmund
89%
1995George WeahLiberiaAC Milan
76%
2008Emmanuel AdebayorTogoArsenal
70%
1999Nwankwo KanuNigeriaArsenal
57%
2002El-Hadji DioufSenegalLiverpool FC
41%
1992Abédi PeléGhanaOlympique de Marseille
38%
2007Frédéric KanoutéMaliSevilla FC
32%
1998Mustapha HadjiMoroccoDeportivo La Coroña
14%
1997Victor IkpebaNigeriaAS Monaco
14%
2000Patrick MbomaCameroonAC Parme
11%
1993Rashidi YekiniNigeriaVitoria Setubal
11%
1994Emmanuel AmunikeNigeriaSporting CP
3%

Score Distribution

Percentile by Number Answered

Percent of People with Each Score

Your Score History

You have not taken this quiz